000 00325nam a2200133Ia 4500
005 20260328104343.0
008 260328s9999||||xx |||||||||||||| ||und||
100 _aPentak, Stephen
245 0 _aDesign Basics /
_cStephen Pentak
260 _bCengage Learning
300 _a288 p.
650 _aDISEÑO BASICO
942 _cBK
999 _c12183
_d12183